| 000 | 01827cam a2200409 a 4500 | ||
|---|---|---|---|
| 001 | 12503640 | ||
| 003 | OSt | ||
| 005 | 20160728102105.0 | ||
| 008 | 010815s2003 nyu c 000 1 eng | ||
| 010 | _a 2001045817 | ||
| 020 | _a1416900489 | ||
| 040 |
_aDLC _cDLC _dDLC |
||
| 042 |
_apcc _alcac |
||
| 050 | 0 | 0 |
_aPZ 7 _b.N24 2003 |
| 082 | 0 | 0 |
_aKF _bN23bb 2003 |
| 100 | 1 |
_aNaylor, Phyllis Reynolds. _95149 |
|
| 245 | 1 | 0 |
_aBernie Magruder & the bats in the belfry / _cPhyllis Reynolds Naylor. |
| 246 | 3 | _aBernie Magruder and the bats in the belfry | |
| 250 | _a1st ed. | ||
| 260 |
_aNew York : _bAtheneum Books for Young Readers, _cc2003. |
||
| 300 |
_a130 p. _c22 cm. |
||
| 520 | _aMany residents of Middleburg, Indiana, are already going crazy from the ever-ringing church bells and now, after a bat is spotted in the hotel run by Bernie's family, they worry that the dangerous Indiana Aztec bat has finally arrived. | ||
| 562 | _bFor circulation.1 copy available in the collection | ||
| 650 | 1 |
_aChurch bells _vFiction. _95179 |
|
| 650 | 1 |
_aBells _vFiction. _95180 |
|
| 650 | 1 |
_aBats _vFiction. _95181 |
|
| 650 | 1 |
_aHotels, motels, etc. _vFiction. _95182 |
|
| 650 | 1 |
_aMystery and detective stories. _93790 |
|
| 650 | 1 |
_aHumorous stories. _93831 |
|
| 856 | 4 | 2 |
_3Contributor biographical information _uhttp://www.loc.gov/catdir/bios/simon053/2001045817.html |
| 856 | 4 | 2 |
_3Publisher description _uhttp://www.loc.gov/catdir/description/simon031/2001045817.html |
| 856 | 4 | 1 |
_3Sample text _uhttp://www.loc.gov/catdir/enhancements/fy0641/2001045817-s.html |
| 906 |
_a7 _bcbc _corignew _d1 _eocip _f20 _gy-gencatlg |
||
| 942 |
_2lcc _cBK |
||
| 999 |
_c1046 _d1046 |
||